00908nab a2200253 uc450000100070000000500170000700800410002403500110006503500210007604000130009704100080011010000310011824501490014965000220029865000360032065000170035665000130037365000270038670000350041370000310044870000290047970000350050877301110054354480520251218100846.0990906e19990601 eng  a544805 a(OCoLC)819808542 ccomduadb aeng10aCecere, Maria C.4auteaut10aTrypanosoma cruzi infection in triatoma infestans and other triatomines: long-term effects of a control program in rural northwestern Argentina. aTrypanosoma cruzi 7aEnfermedades transmisibles2dcs aFumigación aVectores aPrevención y control10aCastanera, Monica B.4auteaut10aCanale, Delmi M.4auteaut10aChuit, Roberto4auteaut10aGurltler, Ricardo E.4auteaut0 tRevista Panamericana de Salud PúblicagVol. 05, No. 06, Jun. 1999, p. 392-399w334202x1020-49890113464